[Event "Rio de Janeiro op 3rd"]
[Site "Rio de Janeiro"]
[Date "2024.04.25"]
[Round "6"]
[White "Bacelar, Rafaela Queiroz Da"]
[Black "Pereira, Valdecir Da Silva"]
[Result "1/2-1/2"]
[WhiteElo "1790"]
[BlackElo "1614"]
[PlyCount "79"]
[EventDate "2024.04.22"]
[EventType "swiss"]
[EventRounds "9"]
[EventCountry "BRA"]
[SourceTitle "CB18_2024"]
[SourceDate "2024.05.01"]
[SourceVersion "1"]
[SourceVersionDate "2024.05.01"]
[SourceQuality "2"]

1. e4 c6 2. d4 d5 3. Nc3 dxe4 4. Nxe4 Nf6 5. Nxf6+ exf6 6. Nf3 Bd6 7. Be2 0-0 8. 0-0 Re8 9. Re1 Be6 10. Be3 Nd7 11. c4 Bb4 12. Bd2 Bxd2 13. Qxd2 Nb6 14. b3 Qc7 15. Rac1 Qd7 16. Qb2 Rad8 17. Bd3 Qc8 18. d5 Bd7 19. Qd2 Rxe1+ 20. Nxe1 cxd5 21. cxd5 Qb8 22. Be4 f5 23. Bf3 Qd6 24. Nc2 Rc8 25. Ne3 Rxc1+ 26. Qxc1 Nc8 27. Nc4 Qc7 28. Qd1 Nd6 29. Qd4 Nxc4 30. Qxc4 Qd6 31. g3 h6 32. h4 b5 33. Qd4 a6 34. Qa7 Kf8 35. Qe3 Qe7 36. Qxe7+ Kxe7 37. Kf1 b4 38. Ke2 Kd6 39. Kd3 Kc5 40. Ke3 1/2-1/2

[Event "Rio de Janeiro op 3rd"]
[Site "Rio de Janeiro"]
[Date "2024.04.24"]
[Round "4"]
[White "Pereira, Valdecir Da Silva"]
[Black "Figueiredo, Tiago Barbosa"]
[Result "0-1"]
[WhiteElo "1614"]
[BlackElo "1800"]
[PlyCount "53"]
[EventDate "2024.04.22"]
[EventType "swiss"]
[EventRounds "9"]
[EventCountry "BRA"]
[SourceTitle "CB18_2024"]
[SourceDate "2024.05.01"]
[SourceVersion "1"]
[SourceVersionDate "2024.05.01"]
[SourceQuality "2"]

1. d4 Nf6 2. Nf3 g6 3. Bf4 Bg7 4. h3 0-0 5. e3 d6 6. Be2 Nbd7 7. 0-0 b6 8. Nbd2 Bb7 9. c4 Qe8 10. Rc1 e5 11. dxe5 dxe5 12. Bh2 c5 13. Re1 Qe7 14. Qc2 e4 15. Nh4 Ne5 16. g4 Nfxg4 17. Nxg6 fxg6 18. hxg4 Nf3+ 19. Nxf3 exf3 20. Rcd1 fxe2 21. Qxe2 Bf3 22. Bd6 Qh4 23. Qxf3 Rxf3 24. Bg3 Rxg3+ 25. fxg3 Qxg3+ 26. Kh1 Be5 27. Rd2 0-1

[Event "Rio de Janeiro op 3rd"]
[Site "Rio de Janeiro"]
[Date "2024.04.22"]
[Round "1"]
[White "Fonseca, Luis Ernesto Serra"]
[Black "Pereira, Valdecir Da Silva"]
[Result "1-0"]
[WhiteElo "2018"]
[BlackElo "1614"]
[PlyCount "97"]
[EventDate "2024.04.22"]
[EventType "swiss"]
[EventRounds "9"]
[EventCountry "BRA"]
[SourceTitle "CB18_2024"]
[SourceDate "2024.05.01"]
[SourceVersion "1"]
[SourceVersionDate "2024.05.01"]
[SourceQuality "2"]

1. e4 c6 2. Nf3 d5 3. e5 Bg4 4. h3 Bxf3 5. Qxf3 e6 6. d4 Ne7 7. Bd3 Ng6 8. h4 Nxh4 9. Qg4 Nf5 10. Bxf5 exf5 11. Qxf5 g6 12. Qd3 Qa5+ 13. Bd2 Qb6 14. Nc3 Bb4 15. 0-0-0 Be7 16. Rde1 Na6 17. Bh6 Rg8 18. Qh3 Nc7 19. e6 f6 20. Bf4 0-0-0 21. Qxh7 Rde8 22. Qh2 f5 23. Bd6 Nxe6 24. Rxe6 Bg5+ 25. f4 Rxe6 26. Bc5 Bxf4+ 27. Qxf4 Qc7 28. Qxc7+ Kxc7 29. Kd2 b6 30. Rh7+ Kb8 31. Be7 g5 32. Rf7 f4 33. Bf6 Ree8 34. Be5+ Ka8 35. Nd1 Rgf8 36. Rc7 f3 37. gxf3 Rxf3 38. Rxc6 Rf5 39. Ne3 Rfxe5 40. dxe5 Rxe5 41. Ng4 Rf5 42. Rg6 Kb7 43. Rf6 Rxf6 44. Nxf6 Kc6 45. Ke3 Kd6 46. Nh7 Ke5 47. Nxg5 d4+ 48. Kd3 Kd5 49. Nh3 1-0

[Event "Niteroi op 3rd"]
[Site "Niteroi"]
[Date "2023.09.10"]
[Round "9"]
[White "Ferreira de Souza, Ricardo"]
[Black "Pereira, Valdecir da Silva"]
[Result "1-0"]
[WhiteElo "1370"]
[BlackElo "1425"]
[PlyCount "48"]
[EventDate "2023.09.04"]
[EventType "swiss"]
[EventRounds "9"]
[EventCountry "BRA"]
[SourceTitle "EXT 2024"]
[Source "ChessBase"]
[SourceDate "2023.10.10"]
[SourceVersion "1"]
[SourceVersionDate "2023.10.10"]
[SourceQuality "1"]

1. e4 c6 2. d4 d5 3. e5 c5 4. c3 Nc6 5. Nf3 Bg4 6. Bb5 a6 7. Bxc6+ bxc6 8. 0-0 e6 9. Be3 c4 10. Qa4 Qb6 11. Nbd2 Qb5 12. Qc2 Ne7 13. a4 Bf5 14. Qxf5 Nxf5 15. axb5 Nxe3 16. fxe3 cxb5 17. Ng5 Ra7 18. Ra5 g6 19. Rfa1 Bh6 20. h4 0-0 21. Rxb5 axb5 22. Rxa7 Bxg5 23. hxg5 b4 24. cxb4 Rb8 1-0

[Event "Niteroi op 3rd"]
[Site "Niteroi"]
[Date "2023.09.07"]
[Round "5"]
[White "Moyses Sobrinho, Elias"]
[Black "Pereira, Valdecir Da Silva"]
[Result "1-0"]
[WhiteElo "1800"]
[BlackElo "1425"]
[PlyCount "58"]
[EventDate "2023.09.04"]
[EventType "swiss"]
[EventRounds "9"]
[EventCountry "BRA"]
[SourceTitle "EXT 2024"]
[Source "ChessBase"]
[SourceDate "2023.10.10"]
[SourceVersion "1"]
[SourceVersionDate "2023.10.10"]
[SourceQuality "1"]

1. d4 c6 2. c4 d5 3. Nc3 Nf6 4. e3 Bg4 5. Be2 Bxe2 6. Qxe2 e6 7. Nf3 Bd6 8. cxd5 exd5 9. e4 0-0 10. e5 Re8 11. Be3 Ng4 12. exd6 Nxe3 13. fxe3 Qxd6 14. 0-0 Nd7 15. Qd3 Qh6 16. e4 Qg6 17. Rae1 Nf6 18. Ne5 dxe4 19. Nxe4 Qh6 20. Nxf6+ gxf6 21. Qg3+ Qg7 22. Rxf6 Qxg3 23. hxg3 Rad8 24. Ref1 Rxd4 25. Nxf7 Rd2 26. R6f2 Rxf2 27. Rxf2 Re1+ 28. Kh2 c5 29. Nd6 b6 1-0